| 000 | 01378nam0a2200337 4500 | ||
|---|---|---|---|
| 001 | RU\NLR\BIBL_A\011446319 | ||
| 005 | 20260408112043.0 | ||
| 010 | _a978-5-9909275-5-1 | ||
| 021 |
_aRU _b2017-48563 _93483 |
||
| 035 | _a(RuMoRGB)008927726 | ||
| 035 | _a(NLR Aleph) 011446319 | ||
| 090 |
_a11729357 _c11729357 |
||
| 100 | _a20170731d2017 |||y0rusy50 ca | ||
| 101 | 0 | _aeng | |
| 102 | _aRU | ||
| 105 | _ay z 000|y | ||
| 200 | 1 |
_aGlobalization 2.0 _enew approaches to research and teaching _fRussian international affairs council _g[RIAC scientific and editorial support: I. Timofeev, Ph.D. et al. _gforewords by Igor Ivanov and Umberto Vattani] |
|
| 210 |
_aMoscow _cNPMP RIAC _d2017 |
||
| 215 |
_a400 с. _d25 |
||
| 320 | _aБиблиогр. в конце разд. | ||
| 541 | 1 |
_aГлобализация 2.0 _eНовые возможности к исследованиям и преподаванию |
|
| 606 | 1 |
_aГлобализация _92215806 _3RU\NLR\AUTH\661330820 |
|
| 686 | 1 | _aУ58 | |
| 686 | 1 | _aУ26(0)86 | |
| 702 | 1 |
_4340 _7ba _8rus _aTimofeev _bI. N. _cканд. полит. наук _f1980- _gIvan Nikolaevič _9229254 _3RU\NLR\AUTH\770229310 |
|
| 712 | 0 | 2 |
_4570 _8eng _aRussian international affairs council _7ba _3RU\NLR\AUTH\880359359 _9386012 |
| 942 | _cBOOK | ||
| 980 | _aNB | ||